00746cam a22002657a 4500003000500000005001700005008004100022010001000063011001000073035001000083040000900093082001800102110000800120245007700128260002300205300002000228490005100248650004000299650001400339650001600353650001200369650002500381700002300406830005100429CHAP20220817043121.0971013s1988 r 00010 d a66190 a67162 a76632 cCHAP a634.9745bF36 aFAO10aJessenia and Oenocarpusb: neotropical oil palms Worthy of domestication aRome :bFAO,c1988 a191 p.b: ilus. 0aFAO. Producción y protección vegetalv; 8814aBotánica económicaxTrópicos.14aJessenia.14aOenocarpus.14aPalmas.14aPlantas oleaginosas.0 aBalick, Michael J. 0aFAO. Producción y protección vegetalv; 88